Forrester v SoS Environment and South Buckinghamshire DC (Record no. 52048)

MARC details
000 -LEADER
fixed length control field 00966cab a2200217 4500
001 - CONTROL NUMBER
control field X88047
008 - FIXED-LENGTH DATA ELEMENTS--GENERAL INFORMATION
fixed length control field 090401t1997 xxu||||| |||| 00| 0 eng d
035 ## - SYSTEM CONTROL NUMBER
System control number (Sirsi) u82429
041 ## - LANGUAGE CODE
Language code of text/sound track or separate title eng
245 ## - TITLE STATEMENT
Title Forrester v SoS Environment and South Buckinghamshire DC
260 ## - PUBLICATION, DISTRIBUTION, ETC.
Date of publication, distribution, etc. 1997
350 ## - PRICE (NR) (BK AM CF MU VM SE) [OBSOLETE]
Price 0
490 ## - SERIES STATEMENT
Series statement Property, planning & compensation reports
Volume/sequential designation (1997) 74 P&CR 434-442(9)
520 ## - SUMMARY, ETC.
Summary, etc. QBD 14 March 1997. Town and Country Planning - enforcement notice alleging change of use - identification of planning unit - earlier Inspector`s decision letter relating to an enforcement notice covering part of appeal site finding that a planning unit already decided by first Inspector - enforcement notice quashed - HEADNOTE
650 ## - SUBJECT ADDED ENTRY--TOPICAL TERM
Topical term or geographic name entry element ENFORCEMENT NOTICE
650 ## - SUBJECT ADDED ENTRY--TOPICAL TERM
Topical term or geographic name entry element FORRESTER V SOS ENVIRONMENT AND SOUTH BUCKINGHAMSHIRE DC
650 ## - SUBJECT ADDED ENTRY--TOPICAL TERM
Topical term or geographic name entry element TOWN AND COUNTRY PLANNING
690 ## - LOCAL SUBJECT ADDED ENTRY--TOPICAL TERM (OCLC, RLIN)
Topical term or geographic name as entry element PLANNING LAW AND PRACTICE-CASE LAW
942 ## - ADDED ENTRY ELEMENTS (KOHA)
Suppress in OPAC 0
948 ## - LOCAL PROCESSING INFORMATION (OCLC); SERIES PART DESIGNATOR (RLIN)
c (OCLC) 01/12/1997
Holdings
Withdrawn status Lost status Source of classification or shelving scheme Damaged status Not for loan Home library Current library Shelving location Date acquired Total Checkouts Full call number Barcode Date last seen Copy number Price effective from Koha item type
    Dewey Decimal Classification     London London Journal article 14/09/1999   X88047 82429-1001 06/08/2019 1 06/08/2019 Law report